000 00361nam a2200121Ia 4500
005 20251222144640.0
008 251222s9999||||xx |||||||||||||| ||spa||
082 _a380.13/M86/Ej.2
100 _aMorales Costa, Lastenio
245 0 _aLas Zonas Francas y Otras Alternativas para la Inversión y Desarrollo en el Perú
264 _bBanco Industrial
942 _cLIB
999 _c16650
_d16650